Statistics for Special Economic Zones of China

Click here to take the quiz!

General Stats

  • This quiz has been taken 9 times
  • The average score is 11 of 20

Answer Stats

Answer% Correct
Guangzhou
100%
Shanghai
100%
Hainan
75%
Shenzhen
75%
Dalian
63%
Fuzhou
63%
Qingdao
63%
Shantou
63%
Tianjin
63%
Xiamen
63%
Nantong
50%
Ningbo
50%
Wenzhou
50%
Qinhuangdao
38%
Yantai
38%
Zhuhai
38%
Beihai
25%
Lianyungang
25%
Zhanjiang
25%
Kashgar
13%

Score Distribution

Percentile by Number Answered

Percent of People with Each Score

Your Score History

You have not taken this quiz